Statistics for Taylor Swift - I Wish You Would Lyrics

Click here to take the quiz!

General Stats

  • This quiz has been taken 151 times
    (105 since last reset)
  • The average score is 464 of 499

Answer Stats

Answer% Correct
a
100%
I
100%
wish
100%
Wish
100%
you
100%
You
100%
2
98%
am
98%
it
98%
it's
98%
It's
98%
knew
98%
would
98%
and
97%
And
97%
back
97%
come
97%
right
97%
that
97%
the
97%
we
97%
were
97%
We're
97%
where
97%
all
95%
car
95%
did
95%
for
95%
go
95%
hear
95%
here
95%
in
95%
my
95%
never
95%
to
95%
To
95%
your
95%
hung
93%
like
93%
me
93%
now
93%
phone
93%
up
93%
good
91%
I'd
91%
i'd
91%
room
91%
forget
90%
long
90%
always
88%
as
88%
but
88%
But
88%
down
88%
live
88%
how
86%
love
86%
what
86%
buttons
84%
could
84%
push
84%
straight
84%
window
84%
mad
83%
said
83%
fighting
81%
know
81%
of
81%
pass
81%
think
81%
drive
79%
line
79%
past
79%
run
79%
turn
79%
ahead
78%
Makes
78%
makes
78%
miss
78%
remember
78%
say
78%
stand
78%
start
78%
Windows
78%
anymore
76%
around
76%
be
76%
memories
76%
much
76%
running
76%
street
76%
This
76%
too
76%
don't
74%
everything
74%
are
72%
'Cause
72%
hide
72%
stood
72%
give
71%
nothing
71%
wanna
71%
crooked
69%
hate
69%
still
69%
want
69%
You're
66%
Headlights
64%
made
64%
voice
64%
pane
62%
us
62%
dark
59%
thinking
57%
See
55%
face
48%

Score Distribution

Percentile by Number Answered

Percent of People with Each Score

Your Score History

You have not taken this quiz since the last reset